000 00561nam a2200181 i 4500
001 149360
003 ES-MaACL
005 20251111063349.0
007 t|
008 071022s1911 fr ||||1| fre d
100 1 _aVaquez, Henri,
_d1860-1936
_9113106
245 1 4 _aLes arythmies /
_cpar H. Vaquez ; leçons recuillies par Ch. Esmein.
260 _aParis :
_bJ. B. Baillière,
_c1911 (
_ePithiviers :
_fL. Gauthier)
300 _aX, 437 p. ;
_c25 cm.
700 1 _aEsmein, Charles.
_947734
852 _aES-MaACL
_jF-1731
999 _c149360
_d149360